00358pab a2200133 454500008004000000100001900040245007500059260000900134300001300143362001100156650002200167650002000189773001500209180718b2017 xxu||||| |||| 00| 0 eng d aA. Raghu Kumar aAnthony's J. Parel's contribution towards understanding Mahatma Gandhi c2017 ap.13-17. a14 Oct aParel, Anthony J. aGandhi, Mahatma aMainstream